Open Data Biblioteca Nacional de Portugal


República Portuguesa: Ministério da Cultura
Biblioteca Nacional de Portugal

Catálogo da BNP: acesso por Identificadores Unívocos
Registos Bibliográficos associados ao registo de autoridade

Etiqueta de registo: 00254nam 2200025 450
001 2230154
003 http://id.bnportugal.gov.pt/bib/catbnp/2230154
010 ## $a978-989-671-952-4
021 ## $aPT$b548167/25
100 ## $a20251030d2025 de y0pory01030103ba
101 0# $apor
102 ## $aPT
105 ## $aa z 000fy
106 ## $ar
200 1# $aLupina em busca do destino esquecido$fJoana Pais de Brito
205 ## $a1ª ed
210 #9 $aLisboa$cTinta-da-China,$d2025
215 ## $a180, [4] p.$cil.$d19 cm
675 ## $a087.5$vBN$zpor$3287999
675 ## $a821.134.3-93"20"$vBN$zpor$31046482
700 #1 $aBrito,$bJoana Pais de,$f1983-$31970700
801 #0 $aPT$bBN$gRPC
856 41 $uhttp://rnod.bnportugal.gov.pt/ImagesBN/winlibimg.aspx?skey=&doc=2230154&img=215056&save=true
900 ## $aBIBNAC$d20251124
966 ## $lBN$mFGMON$sP. 30675 P.$x1
966 ## $lBN$mFGMON$sP. 30675 P.-D$x1
971 ## $cabrito$d20251030
972 ## $e0$z0$d20251124$vasantos
973 ## $csteixeira$d20251110
975 ## $e0$d20251125$viquintas

OpendataBNP@bnportugal.pt | Mais informação sobre acesso aos dados BNP